<?xml version="1.0" encoding="UTF-8"?>
<record
    xmlns:xsi="http://www.w3.org/2001/XMLSchema-instance"
    xsi:schemaLocation="http://www.loc.gov/MARC21/slim http://www.loc.gov/standards/marcxml/schema/MARC21slim.xsd"
    xmlns="http://www.loc.gov/MARC21/slim">

  <leader>00762nam a2200193   4500</leader>
  <controlfield tag="005">20150313112705.0</controlfield>
  <controlfield tag="007">000</controlfield>
  <controlfield tag="008">000</controlfield>
  <datafield tag="020" ind1=" " ind2=" ">
    <subfield code="a">0854047158</subfield>
  </datafield>
  <datafield tag="040" ind1=" " ind2=" ">
    <subfield code="a">UOEL</subfield>
  </datafield>
  <datafield tag="050" ind1=" " ind2=" ">
    <subfield code="a">RS 200</subfield>
    <subfield code="b">.E93 1995</subfield>
  </datafield>
  <datafield tag="245" ind1=" " ind2=" ">
    <subfield code="a">EXCIPIENTS AND DELIVERY SYSTEMS FOR PHARMACEUTICAL FORMULATIONS</subfield>
    <subfield code="b">The proceedings of the Formulate '94 symposium organised by the British Association For Chemical Specialities, held at the Holiday Inn Crown Plaza,Manchester, U.K 19-20 April 1994n    </subfield>
    <subfield code="c">Edited {by} D.R.Karsa and R.A.Stephenson. </subfield>
  </datafield>
  <datafield tag="260" ind1=" " ind2=" ">
    <subfield code="a">Cambridge U.K.:</subfield>
    <subfield code="b">The Royal Society of Chemistry,</subfield>
    <subfield code="c">c1995.</subfield>
  </datafield>
  <datafield tag="300" ind1=" " ind2=" ">
    <subfield code="a">viii,192p.:</subfield>
    <subfield code="b">Ill.</subfield>
  </datafield>
  <datafield tag="500" ind1=" " ind2=" ">
    <subfield code="a">Includes references and index.</subfield>
  </datafield>
  <datafield tag="650" ind1=" " ind2=" ">
    <subfield code="a">Delivery Systems </subfield>
  </datafield>
  <datafield tag="650" ind1=" " ind2=" ">
    <subfield code="a">Pharmaceutical Formulations</subfield>
  </datafield>
  <datafield tag="942" ind1=" " ind2=" ">
    <subfield code="2">lcc</subfield>
    <subfield code="c">LL</subfield>
  </datafield>
  <datafield tag="999" ind1=" " ind2=" ">
    <subfield code="c">2872</subfield>
    <subfield code="d">2872</subfield>
  </datafield>
  <datafield tag="952" ind1=" " ind2=" ">
    <subfield code="0">0</subfield>
    <subfield code="1">0</subfield>
    <subfield code="2">lcc</subfield>
    <subfield code="4">0</subfield>
    <subfield code="7">0</subfield>
    <subfield code="a">UOE</subfield>
    <subfield code="b">UOE</subfield>
    <subfield code="c">GEN</subfield>
    <subfield code="d">2015-03-13</subfield>
    <subfield code="l">0</subfield>
    <subfield code="o">RS 200 .E93 1995</subfield>
    <subfield code="p">10055700</subfield>
    <subfield code="r">2026-04-27 11:57:50</subfield>
    <subfield code="t">10055700</subfield>
    <subfield code="w">2015-03-13</subfield>
    <subfield code="y">LL</subfield>
  </datafield>
  <datafield tag="952" ind1=" " ind2=" ">
    <subfield code="0">0</subfield>
    <subfield code="1">0</subfield>
    <subfield code="2">lcc</subfield>
    <subfield code="4">0</subfield>
    <subfield code="7">0</subfield>
    <subfield code="a">UOE</subfield>
    <subfield code="b">UOE</subfield>
    <subfield code="c">GEN</subfield>
    <subfield code="d">2015-03-13</subfield>
    <subfield code="l">0</subfield>
    <subfield code="o">RS 200 .E93 1995</subfield>
    <subfield code="p">10055701</subfield>
    <subfield code="r">2026-04-27 11:57:49</subfield>
    <subfield code="t">10055701</subfield>
    <subfield code="w">2015-03-13</subfield>
    <subfield code="y">LL</subfield>
  </datafield>
</record>
